[Event "IND-ch U15"]
[Site "Mumbai"]
[Date "2023.11.16"]
[Round "2"]
[White "Pasbola, Samvid"]
[Black "Arnav, Mahesh Koli"]
[Result "0-1"]
[WhiteElo "1104"]
[BlackElo "1774"]
[PlyCount "84"]
[EventDate "2023.11.15"]
[EventType "swiss"]
[EventRounds "7"]
[EventCountry "IND"]
[SourceTitle "CB49_2023"]
[SourceDate "2023.12.06"]
[SourceVersion "1"]
[SourceVersionDate "2023.12.06"]
[SourceQuality "1"]

1. e4 c5 2. Nf3 e6 3. d4 d5 4. exd5 exd5 5. Nc3 Be6 6. Be2 Nc6 7. 0-0 Nf6 8. Re1 Bd6 9. dxc5 Bxc5 10. Ng5 0-0 11. Bf3 Qd7 12. Nxe6 fxe6 13. Na4 Bd6 14. Nc3 Rae8 15. a3 Ne5 16. Be2 a6 17. h3 Ng6 18. Bf1 Bc5 19. Bd3 e5 20. Bxg6 hxg6 21. Rf1 d4 22. Ne2 Kh7 23. Ng3 e4 24. Bg5 Qc7 25. Kh1 Nd5 26. Qg4 Qe5 27. Rae1 e3 28. f4 Qd6 29. f5 gxf5 30. Nxf5 Qg6 31. Nh4 Rxf1+ 32. Rxf1 e2 33. Re1 Qf7 34. Nf3 Kg8 35. Qg3 Nf6 36. Nd2 Nh5 37. Qd3 Qf2 38. Nf3 Ng3+ 39. Kh2 Bd6 40. Qg6 Ne4+ 41. Kh1 Qf1+ 42. Ng1 Nf2# 0-1